Countries With an "Ish" Demonym - Statistics

General Stats
  • This quiz has been taken 117,797 times
  • The average score is 6 of 9
Answer Stats
Country % Correct
Sweden (Swedish)
86%
Finland (Finnish)
84%
Spain (Spanish)
80%
Ireland (Irish)
78%
Denmark (Danish)
77%
Poland (Polish)
71%
United Kingdom (British)
68%
Turkey (Turkish)
66%
Luxembourg (Luxembourgish)
29%
No matching quizzes found
Score Distribution
Percent of People with Each Score
Percentile by Number Answered
Your Score History
You have not taken this quiz